000 00555nam a2200157 i 4500
001 147535
003 ES-MaACL
005 20230906202052.0
007 t|
008 071003s1968 sp ||||1| spa d
110 2 _aUniversidad Autónoma de Barcelona.
_97055
245 1 0 _aOrden de 16 de Agosto de 1968... por la que se crea la Comisión Promotora de la Universidad Autónoma de Barcelona /
_cUniversidad Autónoma.- Barcelona.
260 _a[Barcelona :
_bComisaría para el SEU,
_c1968]
300 _c22 cm.
852 _aES-MaACL
_j2092-F-13
_bR.89853
999 _c147535
_d147535